| 000 | 01302cad a22002175a 4500 | ||
|---|---|---|---|
| 001 | L149288 | ||
| 008 | 100217s2010 xxk f 000 0 eng d | ||
| 035 | _a(Sirsi) u149288 | ||
| 041 | 0 | _aeng | |
| 100 | 1 | _aClair, Gurdeep | |
| 245 | 0 | 0 |
_aExperts in the dock _bchanges to part 35 of the Civil Procedure Rules _h[electronic resource] |
| 260 | _c2010 | ||
| 490 |
_aRICS Residential Property Journal _vJan-Feb 2010, 25-26(2) |
||
| 520 | _aA review of the Civil Procedure Rules (CPR) was carried out in October last year, leading to the production of the 50th update to the CPR. One of the most important areas of change was part 35 and its associated practice direction, which sets out how experts are used in civil matters. This will significantly alter the processes surveyors will need to follow when submitting expert evidence. RICS has produced a combined briefing and addendum to the "Surveyors acting as expert witnesses" document (see L145697). | ||
| 590 | _aKA | ||
| 651 | 4 |
_aEngland and Wales _y1543- |
|
| 690 | _aMANAGEMENT-DISPUTE AVOIDANCE, MANAGEMENT AND RESOLUTION-DISPUTE MANAGEMENT AND RESOLUTION-EXPERT WITNESSES | ||
| 700 | 1 | _aSmith, David | |
| 856 | 4 | 0 |
_uhttps://www.rics.org/site/download_feed.aspx?fileID=5567 _zView this item (member-only access) at www.rics.org |
| 942 | _n0 | ||
| 999 |
_c82113 _d82113 |
||